000
00303nam a2200121Ia 4500
008
190216s9999||||xx |||||||||||||| ||und||
100
_a
Lloyd N Ferguson
245
0
_a
Modern Structural Theory Of Organic Chemistry
260
_b
Prentice Hall
_c
1973
300
_a
600p
650
_a
Chemistry
942
_c
BK
999
_c
2211
_d
2211